000 00881nam a22002777a 4500
003 PE SENCICO BE
005 20251020182624.0
008 230104b |||||||| |||| 00| 0 eng d
020 _a978-3-8365-4453-5
040 _aPE SENCICO BE
_cPE SENCICO BE
041 _aspa
082 _a720.948
_bC23
100 1 _9390
_aFiell, Charlotte
_eautor
245 1 _aScandinavian design = diseƱo escandinavo /
_cCharlotte Fiell, Peter Fiell
250 _a1a ed.
260 _aKoln:
_bTaschen,
_c2016
300 _a704 p.:
_bil. col., lams.,
_c20 cm.
650 1 4 _949
_aArquitectura
_zDinamarca
650 2 4 _949
_aArquitectura
_zFinlandia
650 2 4 _949
_aArquitectura
_zIslandia
650 2 4 _949
_aArquitectura
_zNoruega
650 2 4 _949
_aArquitectura
_zSuecia
700 1 _9391
_aFiell, Peter
_eautor
910 _bhfp
_chfp
942 _2ddc
_cLIB
_h720.948
_iC23
999 _c3742
_d3742